gyrus lobe frontal - Statistiques

Statistiques générales
  • Ce quiz a été pris 18 fois
  • Le résultat moyen est 7 sur 9
Statistiques - réponses
Réponse % Correct
frontal inférieur
100%
frontal moyen
100%
Frontal supérieur
100%
orbitaire
88%
Pôle frontal
75%
précentral
75%
droit
63%
frontal médial
50%
para-central antérieur
25%
Aucun quiz correspondant
Distribution des résultats
% des personnes avec chaque résultat
Percentile par nombre de réponses
Votre historique - résultats
Vous n’avez pas pris ce quiz